00336nam a2200145Ia 4500008004100000041000800041082001400049100002200063245002800085250000800113260002700121300000800148542001500156650001900171220531s9999 xx 000 0 und d aeng bWOM / MEE aMeenakshi, J. Ed. aWomen Literacy in India a1ST aNew DelhibOmegac2007 a269 d31-05-2018 aWomen Literacy